[Event "ODJM A 2024"]
[Site "Willingen GER"]
[Date "2024.05.19"]
[Round "1"]
[White "Schäfer, Daniel"]
[Black "Hofmann, Lorenz"]
[Result "1/2-1/2"]
[Termination "normal"]
[Board "7"]
[WhiteElo "1916"]
[BlackElo "2124"]
[WhiteClock "00:06:21"]
[BlackClock "00:06:06"]
[PlyCount "56"]
[WhiteFideId "16235088"]
[BlackFideId "12995509"]
[EventCountry "GER"]
[EventRounds "9"]
[EventType "swiss"]
[EventDate "2024.05.18"]

1. d4 {[%clk 01:30:56]} {[%emt 00:00:03]} Nf6 {[%clk 01:30:56]} {[%emt
00:00:05]} 2. c4 {[%clk 01:31:22]} {[%emt 00:00:03]} b6 {[%clk 01:31:23]}
{[%emt 00:00:03]} 3. Nc3 {[%clk 01:30:26]} {[%emt 00:01:26]} Bb7 {[%clk
01:31:49]} {[%emt 00:00:05]} 4. d5 {[%clk 01:30:34]} {[%emt 00:00:22]} e6
{[%clk 01:32:11]} {[%emt 00:00:08]} 5. a3 {[%clk 01:30:47]} {[%emt 00:00:17]}
Bd6 {[%clk 01:31:17]} {[%emt 00:01:24]} 6. Nf3 {[%clk 01:28:36]} {[%emt
00:02:41]} Qe7 {[%clk 01:30:56]} {[%emt 00:00:51]} 7. Bg5 {[%clk 01:15:10]}
{[%emt 00:13:56]} c6 {[%clk 01:20:52]} {[%emt 00:10:35]} 8. e3 {[%clk
00:56:44]} {[%emt 00:18:56]} h6 {[%clk 01:14:40]} {[%emt 00:06:42]} 9. Bxf6
{[%clk 00:50:44]} {[%emt 00:06:30]} gxf6 {[%clk 01:15:03]} {[%emt 00:00:07]}
10. g3 {[%clk 00:40:56]} {[%emt 00:10:18]} Na6 {[%clk 00:49:37]} {[%emt
00:25:56]} 11. Bg2 {[%clk 00:38:15]} {[%emt 00:03:11]} cxd5 {[%clk 00:30:50]}
{[%emt 00:19:18]} 12. cxd5 {[%clk 00:37:41]} {[%emt 00:01:04]} Nc7 {[%clk
00:19:59]} {[%emt 00:11:21]} 13. Nd4 {[%clk 00:35:56]} {[%emt 00:02:14]} a6
{[%clk 00:16:54]} {[%emt 00:03:36]} 14. O-O {[%clk 00:32:51]} {[%emt 00:03:35]}
Rb8 {[%clk 00:17:20]} {[%emt 00:00:04]} 15. Qh5 {[%clk 00:26:53]} {[%emt
00:06:28]} Kf8 {[%clk 00:16:11]} {[%emt 00:01:40]} 16. Rfd1 {[%clk 00:25:21]}
{[%emt 00:02:02]} f5 {[%clk 00:13:36]} {[%emt 00:03:06]} 17. Rd2 {[%clk
00:17:45]} {[%emt 00:08:06]} Ne8 {[%clk 00:11:51]} {[%emt 00:02:15]} 18. dxe6
{[%clk 00:17:56]} {[%emt 00:00:18]} dxe6 {[%clk 00:11:52]} {[%emt 00:00:29]}
19. Nc6 {[%clk 00:14:24]} {[%emt 00:04:03]} Bxc6 {[%clk 00:12:21]} {[%emt
00:00:02]} 20. Bxc6 {[%clk 00:14:37]} {[%emt 00:00:16]} Nf6 {[%clk 00:11:59]}
{[%emt 00:00:52]} 21. Qd1 {[%clk 00:10:35]} {[%emt 00:04:32]} Be5 {[%clk
00:11:26]} {[%emt 00:01:03]} 22. Qa4 {[%clk 00:10:09]} {[%emt 00:00:56]} Kg7
{[%clk 00:08:48]} {[%emt 00:03:09]} 23. Ne2 {[%clk 00:08:44]} {[%emt 00:01:54]}
Rhc8 {[%clk 00:08:21]} {[%emt 00:00:57]} 24. Bf3 {[%clk 00:08:28]} {[%emt
00:00:46]} Qa7 {[%clk 00:06:59]} {[%emt 00:01:53]} 25. Rad1 {[%clk 00:08:29]}
{[%emt 00:00:28]} b5 {[%clk 00:07:21]} {[%emt 00:00:08]} 26. Qh4 {[%clk
00:08:19]} {[%emt 00:00:39]} Qc7 {[%clk 00:07:01]} {[%emt 00:00:51]} 27. Nf4
{[%clk 00:07:47]} {[%emt 00:01:02]} Bxf4 {[%clk 00:07:20]} {[%emt 00:00:11]}
28. Qxf4 {[%clk 00:06:21]} {[%emt 00:01:56]} Qxf4 {[%clk 00:06:06]} {[%emt
00:01:45]} 1/2-1/2

[Event "ODJM A 2024"]
[Site "Willingen GER"]
[Date "2024.05.19"]
[Round "1"]
[White "Köhler, Lukas"]
[Black "Matthes, Benjamin"]
[Result "1-0"]
[Termination "normal"]
[Board "8"]
[WhiteElo "2039"]
[BlackElo "1963"]
[WhiteClock "00:20:28"]
[BlackClock "00:00:31"]
[PlyCount "43"]
[WhiteFideId "16221990"]
[BlackFideId "16227298"]
[EventCountry "GER"]
[EventRounds "9"]
[EventType "swiss"]
[EventDate "2024.05.18"]

1. e4 {[%clk 01:30:52]} {[%emt 00:00:06]} c5 {[%clk 01:30:41]} {[%emt
00:00:21]} 2. a3 {[%clk 01:30:52]} {[%emt 00:00:31]} Nc6 {[%clk 01:24:50]}
{[%emt 00:06:20]} 3. b4 {[%clk 01:29:26]} {[%emt 00:01:55]} cxb4 {[%clk
01:12:25]} {[%emt 00:12:55]} 4. axb4 {[%clk 01:27:33]} {[%emt 00:02:23]} Nxb4
{[%clk 01:12:05]} {[%emt 00:00:51]} 5. c3 {[%clk 01:27:10]} {[%emt 00:00:52]}
Nc6 {[%clk 01:12:17]} {[%emt 00:00:18]} 6. d4 {[%clk 01:26:59]} {[%emt
00:00:41]} d5 {[%clk 01:01:24]} {[%emt 00:11:23]} 7. exd5 {[%clk 01:26:20]}
{[%emt 00:01:08]} Qxd5 {[%clk 01:01:38]} {[%emt 00:00:16]} 8. Na3 {[%clk
01:25:07]} {[%emt 00:01:44]} e5 {[%clk 00:38:38]} {[%emt 00:23:30]} 9. Nb5
{[%clk 01:21:52]} {[%emt 00:03:45]} Bd6 {[%clk 00:37:09]} {[%emt 00:02:00]} 10.
Nf3 {[%clk 00:58:11]} {[%emt 00:24:10]} Bb8 {[%clk 00:30:36]} {[%emt 00:07:03]}
11. Be2 {[%clk 00:50:18]} {[%emt 00:08:23]} Nf6 {[%clk 00:23:19]} {[%emt
00:07:47]} 12. c4 {[%clk 00:39:17]} {[%emt 00:11:31]} Qe4 {[%clk 00:18:46]}
{[%emt 00:05:04]} 13. Ba3 {[%clk 00:31:27]} {[%emt 00:08:20]} exd4 {[%clk
00:03:32]} {[%emt 00:15:45]} 14. O-O {[%clk 00:30:42]} {[%emt 00:01:14]} Ne7
{[%clk 00:00:32]} {[%emt 00:03:31]} 15. Re1 {[%clk 00:29:14]} {[%emt 00:01:57]}
O-O {[%clk 00:01:00]} {[%emt 00:00:02]} 16. Bd3 {[%clk 00:27:43]} {[%emt
00:02:01]} Qf4 {[%clk 00:00:55]} {[%emt 00:00:35]} 17. g3 {[%clk 00:26:23]}
{[%emt 00:01:49]} Qh6 {[%clk 00:00:40]} {[%emt 00:00:45]} 18. Bxe7 {[%clk
00:24:54]} {[%emt 00:01:59]} Ng4 {[%clk 00:00:43]} {[%emt 00:00:27]} 19. Bxf8
{[%clk 00:22:53]} {[%emt 00:02:31]} Kxf8 {[%clk 00:00:42]} {[%emt 00:00:32]}
20. Qc1 {[%clk 00:21:10]} {[%emt 00:02:12]} Ne3 {[%clk 00:00:33]} {[%emt
00:00:40]} 21. Nbxd4 {[%clk 00:20:15]} {[%emt 00:01:25]} Ng4 {[%clk 00:00:31]}
{[%emt 00:00:32]} 22. Qxh6 {[%clk 00:20:28]} {[%emt 00:00:17]} 1-0

[Event "ODJM A 2024"]
[Site "Willingen GER"]
[Date "2024.05.19"]
[Round "1"]
[White "Kieselbach, Marvin"]
[Black "Kamp, Adrian"]
[Result "0-1"]
[Termination "normal"]
[Board "9"]
[WhiteElo "1887"]
[BlackElo "2098"]
[WhiteClock "00:00:42"]
[BlackClock "00:14:07"]
[PlyCount "60"]
[WhiteFideId "16235770"]
[BlackFideId "16222466"]
[EventCountry "GER"]
[EventRounds "9"]
[EventType "swiss"]
[EventDate "2024.05.18"]

1. e4 {[%clk 01:30:44]} {[%emt 00:00:13]} c5 {[%clk 01:30:40]} {[%emt
00:00:22]} 2. Nf3 {[%clk 01:30:53]} {[%emt 00:00:21]} Nc6 {[%clk 01:30:45]}
{[%emt 00:00:24]} 3. Nc3 {[%clk 01:30:54]} {[%emt 00:00:29]} Nf6 {[%clk
01:30:45]} {[%emt 00:00:30]} 4. Bb5 {[%clk 01:29:30]} {[%emt 00:01:54]} d6
{[%clk 01:29:01]} {[%emt 00:02:14]} 5. O-O {[%clk 01:26:27]} {[%emt 00:03:33]}
Bd7 {[%clk 01:25:11]} {[%emt 00:04:21]} 6. Re1 {[%clk 01:24:53]} {[%emt
00:02:03]} e6 {[%clk 01:21:19]} {[%emt 00:04:23]} 7. d4 {[%clk 01:14:10]}
{[%emt 00:11:13]} cxd4 {[%clk 01:18:22]} {[%emt 00:03:27]} 8. Nxd4 {[%clk
01:14:25]} {[%emt 00:00:12]} a6 {[%clk 01:12:22]} {[%emt 00:06:33]} 9. Bf1
{[%clk 01:11:44]} {[%emt 00:03:10]} Be7 {[%clk 01:07:05]} {[%emt 00:05:48]} 10.
a3 {[%clk 00:54:21]} {[%emt 00:17:53]} O-O {[%clk 01:05:16]} {[%emt 00:02:19]}
11. Be3 {[%clk 00:50:52]} {[%emt 00:03:59]} Qc7 {[%clk 01:02:42]} {[%emt
00:03:04]} 12. f4 {[%clk 00:37:03]} {[%emt 00:14:19]} Rac8 {[%clk 00:59:41]}
{[%emt 00:03:30]} 13. Qf3 {[%clk 00:32:16]} {[%emt 00:05:17]} Nxd4 {[%clk
00:54:28]} {[%emt 00:05:44]} 14. Bxd4 {[%clk 00:32:38]} {[%emt 00:00:08]} Bc6
{[%clk 00:54:50]} {[%emt 00:00:08]} 15. Bd3 {[%clk 00:28:46]} {[%emt 00:04:22]}
b5 {[%clk 00:48:38]} {[%emt 00:06:42]} 16. Rad1 {[%clk 00:28:39]} {[%emt
00:00:37]} Rfd8 {[%clk 00:46:48]} {[%emt 00:02:20]} 17. Qg3 {[%clk 00:28:02]}
{[%emt 00:01:06]} g6 {[%clk 00:35:16]} {[%emt 00:12:03]} 18. e5 {[%clk
00:20:26]} {[%emt 00:08:06]} Nh5 {[%clk 00:29:26]} {[%emt 00:06:19]} 19. Qg4
{[%clk 00:14:46]} {[%emt 00:06:10]} dxe5 {[%clk 00:27:15]} {[%emt 00:02:42]}
20. Bxe5 {[%clk 00:10:33]} {[%emt 00:04:44]} Qb6+ {[%clk 00:26:27]} {[%emt
00:01:17]} 21. Kh1 {[%clk 00:10:22]} {[%emt 00:00:39]} Bf6 {[%clk 00:24:00]}
{[%emt 00:02:58]} 22. f5 {[%clk 00:09:28]} {[%emt 00:01:24]} exf5 {[%clk
00:19:49]} {[%emt 00:04:41]} 23. Bxf5 {[%clk 00:09:40]} {[%emt 00:00:18]} Rxd1
{[%clk 00:19:50]} {[%emt 00:00:29]} 24. Rxd1 {[%clk 00:09:12]} {[%emt
00:01:00]} Re8 {[%clk 00:18:52]} {[%emt 00:01:27]} 25. Bxf6 {[%clk 00:09:06]}
{[%emt 00:00:36]} Nxf6 {[%clk 00:19:00]} {[%emt 00:00:21]} 26. Qg3 {[%clk
00:07:14]} {[%emt 00:02:20]} Nh5 {[%clk 00:18:41]} {[%emt 00:00:52]} 27. Qh4
{[%clk 00:06:22]} {[%emt 00:01:21]} Qe3 {[%clk 00:15:31]} {[%emt 00:03:40]} 28.
Rg1 {[%clk 00:01:04]} {[%emt 00:05:47]} Nf4 {[%clk 00:14:43]} {[%emt 00:01:19]}
29. Nd1 {[%clk 00:01:20]} {[%emt 00:00:14]} Nxg2 {[%clk 00:14:02]} {[%emt
00:01:11]} 30. Qf6 {[%clk 00:00:42]} {[%emt 00:01:09]} Qf3 {[%clk 00:14:07]}
{[%emt 00:00:24]} 0-1

[Event "ODJM A 2024"]
[Site "Willingen GER"]
[Date "2024.05.19"]
[Round "1"]
[White "Ellinger, Maximilian"]
[Black "Bock, Marlon"]
[Result "1/2-1/2"]
[Termination "normal"]
[Board "11"]
[WhiteElo "1818"]
[BlackElo "2049"]
[WhiteClock "00:27:41"]
[BlackClock "00:18:09"]
[PlyCount "43"]
[WhiteFideId "34631003"]
[BlackFideId "16244931"]
[EventCountry "GER"]
[EventRounds "9"]
[EventType "swiss"]
[EventDate "2024.05.18"]

1. e4 {[%clk 01:30:58]} {[%emt 00:00:02]} c5 {[%clk 01:30:55]} {[%emt
00:00:05]} 2. c3 {[%clk 01:31:09]} {[%emt 00:00:19]} Nf6 {[%clk 01:31:20]}
{[%emt 00:00:05]} 3. e5 {[%clk 01:31:35]} {[%emt 00:00:04]} Nd5 {[%clk
01:31:45]} {[%emt 00:00:05]} 4. Nf3 {[%clk 01:32:00]} {[%emt 00:00:06]} d6
{[%clk 01:32:04]} {[%emt 00:00:10]} 5. Bb5+ {[%clk 01:32:17]} {[%emt 00:00:13]}
Bd7 {[%clk 01:26:22]} {[%emt 00:06:13]} 6. Bc4 {[%clk 01:32:34]} {[%emt
00:00:12]} e6 {[%clk 01:24:40]} {[%emt 00:02:13]} 7. d4 {[%clk 01:30:42]}
{[%emt 00:02:21]} Nb6 {[%clk 01:18:37]} {[%emt 00:06:33]} 8. Bd3 {[%clk
01:25:49]} {[%emt 00:05:22]} cxd4 {[%clk 01:15:00]} {[%emt 00:04:08]} 9. cxd4
{[%clk 01:24:00]} {[%emt 00:02:18]} Nc6 {[%clk 01:14:30]} {[%emt 00:01:01]} 10.
Nc3 {[%clk 01:18:19]} {[%emt 00:06:11]} Be7 {[%clk 01:03:54]} {[%emt 00:11:06]}
11. O-O {[%clk 01:15:55]} {[%emt 00:02:54]} d5 {[%clk 00:58:12]} {[%emt
00:06:12]} 12. Re1 {[%clk 01:11:38]} {[%emt 00:04:46]} O-O {[%clk 00:55:09]}
{[%emt 00:03:34]} 13. h4 {[%clk 00:59:27]} {[%emt 00:12:41]} f5 {[%clk
00:37:57]} {[%emt 00:17:42]} 14. exf6 {[%clk 00:53:06]} {[%emt 00:06:51]} Bxf6
{[%clk 00:38:21]} {[%emt 00:00:06]} 15. Bg5 {[%clk 00:42:13]} {[%emt 00:11:23]}
h6 {[%clk 00:36:04]} {[%emt 00:02:47]} 16. Be3 {[%clk 00:34:46]} {[%emt
00:07:57]} Bxh4 {[%clk 00:32:35]} {[%emt 00:03:59]} 17. Bb1 {[%clk 00:32:40]}
{[%emt 00:02:35]} Nc4 {[%clk 00:21:23]} {[%emt 00:11:43]} 18. Qd3 {[%clk
00:29:57]} {[%emt 00:03:13]} Rf5 {[%clk 00:20:52]} {[%emt 00:01:01]} 19. Qe2
{[%clk 00:28:27]} {[%emt 00:01:59]} Rf7 {[%clk 00:19:37]} {[%emt 00:01:45]} 20.
Qd3 {[%clk 00:26:50]} {[%emt 00:02:07]} Rf5 {[%clk 00:18:24]} {[%emt 00:01:43]}
21. Qe2 {[%clk 00:27:16]} {[%emt 00:00:05]} Rf7 {[%clk 00:18:09]} {[%emt
00:00:45]} 22. Qd3 {[%clk 00:27:41]} {[%emt 00:00:05]} 1/2-1/2

[Event "ODJM A 2024"]
[Site "Willingen GER"]
[Date "2024.05.19"]
[Round "1"]
[White "Langner, Jasper"]
[Black "Möller, Tom"]
[Result "1-0"]
[Termination "normal"]
[Board "12"]
[WhiteElo "1999"]
[BlackElo "1902"]
[WhiteClock "00:11:39"]
[BlackClock "00:01:47"]
[PlyCount "69"]
[WhiteFideId "16202554"]
[BlackFideId "16287215"]
[EventCountry "GER"]
[EventRounds "9"]
[EventType "swiss"]
[EventDate "2024.05.18"]

1. d4 {[%clk 01:30:54]} {[%emt 00:00:04]} d5 {[%clk 01:30:57]} {[%emt
00:00:05]} 2. c4 {[%clk 01:31:12]} {[%emt 00:00:09]} e6 {[%clk 01:31:26]} 3.
Nf3 {[%clk 01:31:31]} {[%emt 00:00:13]} c6 {[%clk 01:31:02]} {[%emt 00:00:57]}
4. e3 {[%clk 01:31:42]} {[%emt 00:00:18]} f5 {[%clk 01:31:25]} {[%emt
00:00:07]} 5. Be2 {[%clk 01:31:14]} {[%emt 00:00:56]} Nf6 {[%clk 01:31:05]}
{[%emt 00:00:52]} 6. O-O {[%clk 01:31:24]} {[%emt 00:00:18]} Bd6 {[%clk
01:28:12]} {[%emt 00:03:25]} 7. b3 {[%clk 01:29:28]} {[%emt 00:02:27]} O-O
{[%clk 01:24:18]} {[%emt 00:04:24]} 8. Ba3 {[%clk 01:29:27]} {[%emt 00:00:30]}
Ne4 {[%clk 01:22:59]} {[%emt 00:01:49]} 9. Qc1 {[%clk 01:29:00]} {[%emt
00:00:56]} Bd7 {[%clk 01:21:17]} {[%emt 00:02:14]} 10. Bxd6 {[%clk 01:20:25]}
{[%emt 00:09:03]} Nxd6 {[%clk 01:19:51]} {[%emt 00:01:57]} 11. Ne5 {[%clk
01:17:44]} {[%emt 00:03:10]} Be8 {[%clk 01:14:59]} {[%emt 00:05:23]} 12. Qa3
{[%clk 00:57:53]} {[%emt 00:20:21]} Qc7 {[%clk 01:05:39]} {[%emt 00:09:50]} 13.
Nc3 {[%clk 00:50:21]} {[%emt 00:08:02]} Nd7 {[%clk 00:49:04]} {[%emt 00:17:05]}
14. Nxd7 {[%clk 00:38:54]} {[%emt 00:11:55]} Qxd7 {[%clk 00:48:42]} {[%emt
00:00:54]} 15. Na4 {[%clk 00:38:09]} {[%emt 00:01:15]} Rf6 {[%clk 00:44:03]}
{[%emt 00:05:09]} 16. Nb6 {[%clk 00:33:28]} {[%emt 00:05:10]} axb6 {[%clk
00:44:29]} {[%emt 00:00:05]} 17. Qxa8 {[%clk 00:33:52]} {[%emt 00:00:06]} Rh6
{[%clk 00:43:23]} {[%emt 00:01:35]} 18. Qb8 {[%clk 00:32:59]} {[%emt 00:01:22]}
g5 {[%clk 00:31:38]} {[%emt 00:12:16]} 19. a4 {[%clk 00:31:00]} {[%emt
00:02:28]} Qe7 {[%clk 00:22:28]} {[%emt 00:09:42]} 20. a5 {[%clk 00:29:59]}
{[%emt 00:01:30]} e5 {[%clk 00:20:21]} {[%emt 00:02:38]} 21. a6 {[%clk
00:24:45]} {[%emt 00:05:44]} bxa6 {[%clk 00:19:02]} {[%emt 00:01:50]} 22. Qxb6
{[%clk 00:23:35]} {[%emt 00:01:40]} g4 {[%clk 00:16:20]} {[%emt 00:03:13]} 23.
g3 {[%clk 00:19:45]} {[%emt 00:04:18]} Bd7 {[%clk 00:13:28]} {[%emt 00:03:22]}
24. cxd5 {[%clk 00:17:10]} {[%emt 00:03:06]} cxd5 {[%clk 00:07:49]} {[%emt
00:06:09]} 25. dxe5 {[%clk 00:16:33]} {[%emt 00:01:07]} Nf7 {[%clk 00:06:56]}
{[%emt 00:01:23]} 26. Qb8+ {[%clk 00:16:16]} {[%emt 00:00:45]} Kg7 {[%clk
00:07:20]} {[%emt 00:00:07]} 27. Rfd1 {[%clk 00:12:51]} {[%emt 00:03:56]} Bb5
{[%clk 00:01:19]} {[%emt 00:06:32]} 28. Bxb5 {[%clk 00:12:52]} {[%emt
00:00:28]} axb5 {[%clk 00:01:42]} {[%emt 00:00:07]} 29. Rxd5 {[%clk 00:12:45]}
{[%emt 00:00:37]} Qe6 {[%clk 00:01:40]} {[%emt 00:00:32]} 30. Qb7 {[%clk
00:11:24]} {[%emt 00:01:50]} Rg6 {[%clk 00:00:53]} {[%emt 00:01:18]} 31. Ra7
{[%clk 00:11:04]} {[%emt 00:00:49]} h5 {[%clk 00:00:56]} {[%emt 00:00:27]} 32.
Rd7 {[%clk 00:11:08]} {[%emt 00:00:26]} Qxb3 {[%clk 00:00:58]} {[%emt
00:00:28]} 33. Rxf7+ {[%clk 00:11:35]} {[%emt 00:00:04]} Kh8 {[%clk 00:01:26]}
{[%emt 00:00:02]} 34. Ra8+ {[%clk 00:11:39]} {[%emt 00:00:25]} Rg8 {[%clk
00:01:47]} {[%emt 00:00:10]} 35. Rh7# {[%emt 00:00:03]} 1-0

[Event "ODJM A 2024"]
[Site "Willingen GER"]
[Date "2024.05.19"]
[Round "1"]
[White "Andresen, Marc"]
[Black "Brockhoff, Moritz"]
[Result "0-1"]
[Termination "normal"]
[Board "13"]
[WhiteElo "1879"]
[BlackElo "2013"]
[WhiteClock "00:22:02"]
[BlackClock "01:07:36"]
[PlyCount "72"]
[WhiteFideId "16233719"]
[BlackFideId "16214927"]
[EventCountry "GER"]
[EventRounds "9"]
[EventType "swiss"]
[EventDate "2024.05.18"]

1. Nf3 {[%clk 01:30:57]} {[%emt 00:00:03]} d5 {[%clk 01:30:52]} {[%emt
00:00:08]} 2. c4 {[%clk 01:31:17]} {[%emt 00:00:11]} d4 {[%clk 01:31:01]}
{[%emt 00:00:21]} 3. b4 {[%clk 01:31:40]} {[%emt 00:00:06]} f6 {[%clk
01:31:21]} {[%emt 00:00:10]} 4. e3 {[%clk 01:32:00]} {[%emt 00:00:10]} e5
{[%clk 01:31:46]} {[%emt 00:00:05]} 5. c5 {[%clk 01:32:26]} {[%emt 00:00:05]}
a5 {[%clk 01:32:10]} {[%emt 00:00:05]} 6. exd4 {[%clk 01:29:39]} {[%emt
00:03:17]} e4 {[%clk 01:31:09]} {[%emt 00:01:31]} 7. Qe2 {[%clk 01:26:57]}
{[%emt 00:03:12]} Qe7 {[%clk 01:31:32]} {[%emt 00:00:08]} 8. Ng1 {[%clk
01:24:34]} {[%emt 00:02:52]} Nc6 {[%clk 01:31:57]} {[%emt 00:00:05]} 9. Na3
{[%clk 01:08:53]} {[%emt 00:16:11]} Nxd4 {[%clk 01:23:41]} {[%emt 00:08:47]}
10. Qc4 {[%clk 01:03:25]} {[%emt 00:05:58]} axb4 {[%clk 01:22:57]} {[%emt
00:01:14]} 11. Qxd4 {[%clk 00:55:32]} {[%emt 00:08:22]} bxa3 {[%clk 01:23:22]}
{[%emt 00:00:06]} 12. d3 {[%clk 00:51:27]} {[%emt 00:04:34]} exd3+ {[%clk
01:22:26]} {[%emt 00:01:27]} 13. Be3 {[%clk 00:51:41]} {[%emt 00:00:15]} Nh6
{[%clk 01:13:11]} {[%emt 00:09:45]} 14. Bxd3 {[%clk 00:49:30]} {[%emt
00:02:42]} Ng4 {[%clk 01:10:36]} {[%emt 00:03:05]} 15. Rc1 {[%clk 00:46:29]}
{[%emt 00:03:30]} Nxe3 {[%clk 01:10:56]} {[%emt 00:00:10]} 16. fxe3 {[%clk
00:46:54]} {[%emt 00:00:06]} c6 {[%clk 01:10:55]} {[%emt 00:00:31]} 17. Nf3
{[%clk 00:47:08]} {[%emt 00:00:16]} Ra5 {[%clk 01:08:45]} {[%emt 00:02:40]} 18.
O-O {[%clk 00:35:14]} {[%emt 00:12:23]} Rxc5 {[%clk 01:09:11]} {[%emt
00:00:04]} 19. Rb1 {[%clk 00:35:09]} {[%emt 00:00:35]} Rd5 {[%clk 01:08:47]}
{[%emt 00:00:55]} 20. Qe4 {[%clk 00:34:39]} {[%emt 00:01:00]} Qxe4 {[%clk
01:09:13]} {[%emt 00:00:04]} 21. Bxe4 {[%clk 00:35:04]} {[%emt 00:00:05]} Rd8
{[%clk 01:09:40]} {[%emt 00:00:02]} 22. Nd4 {[%clk 00:34:46]} {[%emt 00:00:47]}
Bc5 {[%clk 01:09:09]} {[%emt 00:01:01]} 23. Nc2 {[%clk 00:34:21]} {[%emt
00:00:56]} O-O {[%clk 01:07:59]} {[%emt 00:01:40]} 24. Rb3 {[%clk 00:30:54]}
{[%emt 00:03:56]} Rfe8 {[%clk 01:08:01]} {[%emt 00:00:28]} 25. Bf5 {[%clk
00:27:43]} {[%emt 00:03:41]} Bxf5 {[%clk 01:07:10]} {[%emt 00:01:22]} 26. Rxf5
{[%clk 00:28:07]} {[%emt 00:00:06]} Rd1+ {[%clk 01:07:37]} {[%emt 00:00:03]}
27. Rf1 {[%clk 00:28:06]} {[%emt 00:00:31]} Rd2 {[%clk 01:08:04]} {[%emt
00:00:04]} 28. Rc1 {[%clk 00:25:08]} {[%emt 00:03:27]} b6 {[%clk 01:07:45]}
{[%emt 00:00:49]} 29. Kf1 {[%clk 00:24:46]} {[%emt 00:00:52]} Kf7 {[%clk
01:07:25]} {[%emt 00:00:50]} 30. Nxa3 {[%clk 00:23:57]} {[%emt 00:01:19]} Rxa2
{[%clk 01:07:45]} {[%emt 00:00:09]} 31. Nc4 {[%clk 00:23:48]} {[%emt 00:00:40]}
b5 {[%clk 01:08:03]} {[%emt 00:00:12]} 32. Nb2 {[%clk 00:23:03]} {[%emt
00:01:15]} Rxe3 {[%clk 01:07:23]} {[%emt 00:01:10]} 33. Nd3 {[%clk 00:21:48]}
{[%emt 00:01:45]} Be7 {[%clk 01:06:51]} {[%emt 00:01:02]} 34. Rxc6 {[%clk
00:21:26]} {[%emt 00:00:52]} Rd2 {[%clk 01:07:08]} {[%emt 00:00:12]} 35. Nc1
{[%clk 00:21:37]} {[%emt 00:00:19]} Rd1+ {[%clk 01:07:10]} {[%emt 00:00:29]}
36. Kf2 {[%clk 00:22:02]} {[%emt 00:00:05]} Rxc1 {[%clk 01:07:36]} {[%emt
00:00:05]} 0-1

[Event "ODJM A 2024"]
[Site "Willingen GER"]
[Date "2024.05.19"]
[Round "1"]
[White "Paeslack, Luis"]
[Black "Nguyen, Phuc Nhat"]
[Result "1-0"]
[Termination "normal"]
[Board "14"]
[WhiteElo "2003"]
[BlackElo "1893"]
[WhiteClock "00:17:00"]
[BlackClock "00:34:49"]
[PlyCount "53"]
[WhiteFideId "12987760"]
[BlackFideId "16253590"]
[EventCountry "GER"]
[EventRounds "9"]
[EventType "swiss"]
[EventDate "2024.05.18"]

1. d4 {[%clk 01:30:50]} {[%emt 00:00:08]} d5 {[%clk 01:30:35]} {[%emt
00:00:14]} 2. c4 {[%clk 01:30:13]} {[%emt 00:01:19]} e6 {[%clk 01:30:53]}
{[%emt 00:00:11]} 3. Nc3 {[%clk 01:29:53]} {[%emt 00:00:49]} Nf6 {[%clk
01:31:12]} {[%emt 00:00:13]} 4. cxd5 {[%clk 01:29:46]} {[%emt 00:00:37]} exd5
{[%clk 01:31:30]} {[%emt 00:00:11]} 5. Bg5 {[%clk 01:30:05]} {[%emt 00:00:10]}
Be7 {[%clk 01:31:55]} {[%emt 00:00:06]} 6. e3 {[%clk 01:29:34]} {[%emt
00:01:00]} c6 {[%clk 01:32:17]} {[%emt 00:00:09]} 7. Bd3 {[%clk 01:28:56]}
{[%emt 00:01:08]} O-O {[%clk 01:32:39]} {[%emt 00:00:09]} 8. Qc2 {[%clk
01:24:58]} {[%emt 00:04:28]} h6 {[%clk 01:33:00]} {[%emt 00:00:09]} 9. Bh4
{[%clk 01:24:27]} {[%emt 00:01:00]} Ne8 {[%clk 01:33:22]} {[%emt 00:00:08]} 10.
Bg3 {[%clk 01:17:51]} {[%emt 00:07:05]} Nd6 {[%clk 01:33:36]} {[%emt 00:00:17]}
11. Nge2 {[%clk 01:13:14]} {[%emt 00:05:07]} a5 {[%clk 01:33:58]} {[%emt
00:00:09]} 12. O-O {[%clk 01:08:57]} {[%emt 00:04:45]} Nc4 {[%clk 01:30:56]}
{[%emt 00:03:33]} 13. e4 {[%clk 00:54:06]} {[%emt 00:15:21]} Be6 {[%clk
01:24:43]} {[%emt 00:06:43]} 14. exd5 {[%clk 00:38:02]} {[%emt 00:16:34]} cxd5
{[%clk 01:24:03]} {[%emt 00:01:10]} 15. Nxd5 {[%clk 00:32:57]} {[%emt
00:05:35]} Qxd5 {[%clk 01:11:59]} {[%emt 00:12:34]} 16. Nf4 {[%clk 00:31:07]}
{[%emt 00:02:20]} Qxd4 {[%clk 00:53:59]} {[%emt 00:18:30]} 17. Nxe6 {[%clk
00:30:45]} {[%emt 00:00:52]} fxe6 {[%clk 00:53:00]} {[%emt 00:01:30]} 18. Bxc4
{[%clk 00:22:50]} {[%emt 00:08:24]} Bf6 {[%clk 00:44:17]} {[%emt 00:09:13]} 19.
Bxe6+ {[%clk 00:22:09]} {[%emt 00:01:11]} Kh8 {[%clk 00:44:36]} {[%emt
00:00:11]} 20. Qg6 {[%clk 00:19:02]} {[%emt 00:03:36]} Nc6 {[%clk 00:36:37]}
{[%emt 00:08:31]} 21. Bf5 {[%clk 00:18:04]} {[%emt 00:01:26]} Kg8 {[%clk
00:37:06]} {[%emt 00:00:02]} 22. Be6+ {[%clk 00:18:03]} {[%emt 00:00:31]} Kh8
{[%clk 00:37:35]} {[%emt 00:00:02]} 23. Bf5 {[%clk 00:18:22]} {[%emt 00:00:10]}
Kg8 {[%clk 00:37:59]} {[%emt 00:00:06]} 24. Qh7+ {[%clk 00:18:29]} {[%emt
00:00:23]} Kf7 {[%clk 00:38:28]} {[%emt 00:00:01]} 25. Bg6+ {[%clk 00:17:56]}
{[%emt 00:01:03]} Ke7 {[%clk 00:38:28]} {[%emt 00:00:30]} 26. Rae1+ {[%clk
00:16:55]} {[%emt 00:01:31]} Kd7 {[%clk 00:34:49]} {[%emt 00:04:10]} 27. Bf5+
{[%clk 00:17:00]} {[%emt 00:00:24]} 1-0